000 00569cab a2200217 4500
001 X2107
008 090401t1995 xxu||||| |||| 00| 0 eng d
035 _a(Sirsi) u21801
041 _aeng
245 _aStandards and practice
260 _c1995
350 _a0
490 _aCSM (Chartered Surveyor Monthly)
_v4(5) March 1995, 50-52(2)
650 _aBAKER TILLY SPOT CHECKS
650 _aBUSINESS FAILURE
650 _aRICS BYE-LAWS
650 _aRICS
690 _aMANAGEMENT-BUSINESS MANAGEMENT-PROFESSIONAL PRACTICE
942 _n0
948 _c04/03/1997
999 _c14615
_d14615